Most Guessed Flags on Jetpunk - Statistics

General Stats
  • This quiz has been taken 32 times
  • The average score is 15 of 21
Answer Stats
% Answer % Correct
99% United States
100%
99% United Kingdom
93%
97% Canada
89%
91% Russia
89%
87% Brazil
86%
92% Italy
86%
88% Japan
86%
84% China
82%
93% France
82%
80% Germany
79%
97% Australia
75%
85% Sweden
75%
80% Switzerland
71%
81% Norway
64%
89% Ireland
61%
91% New Zealand
61%
81% Finland
54%
87% South Korea
54%
83% Greece
50%
84% Netherlands
43%
81% Israel
39%
No matching quizzes found
Score Distribution
Percent of People with Each Score
Percentile by Number Answered
Your Score History
You have not taken this quiz